Countries by Coca Cola Consumption - Statistics

General Stats
  • This quiz has been taken 79 times
  • The average score is 18 of 20
Answer Stats
Cosumption (L) Country % Correct
39.3 B United States
100%
19.5 B Mexico
98%
10.8 B China
97%
6.8 B Germany
97%
7.5 B Japan
97%
4.9 B United Kingdom
97%
4.3 B Canada
95%
4.5 B France
95%
6.4 B Russia
94%
5.9 B India
91%
3.4 B Spain
91%
8.7 B Brazil
89%
3.1 B Australia
86%
3.8 B Italy
86%
3.7 B Argentina
83%
4.1 B South Korea
80%
3 B Thailand
71%
5.3 B Indonesia
68%
2.9 B Türkiye
67%
3.2 B Saudi Arabia
65%
No matching quizzes found
Score Distribution
Percent of People with Each Score
Percentile by Number Answered
Your Score History
You have not taken this quiz